[Event "X Open"]
[Site "Crema ITA"]
[Date "2008.09.06"]
[Round "3"]
[White "Madaschi, Sergio"]
[Black "Carbone, Lorenzo"]
[Result "1/2-1/2"]
[WhiteElo "1595"]
[BlackElo "1767"]
[PlyCount "63"]
[EventDate "2008.09.05"]

1. e4 c5 2. Nf3 d6 3. d3 Nc6 4. g3 e6 5. Bg2 Nf6 6. O-O Be7 7. Nc3 O-O 8. Bd2
a6 9. a4 Bd7 10. Ne1 Rb8 11. f4 b5 12. axb5 axb5 13. Nf3 Qb6 14. Be3 Ng4 15.
Bc1 Nf6 16. h3 Ra8 17. Be3 Nb4 18. Qd2 Bc6 19. Bf2 Rfd8 20. g4 Qb7 21. Bg3 d5
22. Rxa8 Qxa8 23. e5 Ne4 24. dxe4 dxe4 25. Qe2 exf3 26. Bxf3 Bxf3 27. Qxf3 Qxf3
28. Rxf3 Nxc2 29. Nxb5 Nd4 30. Nxd4 Rxd4 31. Rf2 c4 32. Rc2 1/2-1/2

[Event "X Open"]
[Site "Crema ITA"]
[Date "2008.09.06"]
[Round "3"]
[White "Martino, Antonio M."]
[Black "Distratis, Gianluca"]
[Result "1/2-1/2"]
[WhiteElo "2007"]
[BlackElo "1873"]
[PlyCount "33"]
[EventDate "2008.09.05"]

1. d4 Nf6 2. Nf3 c5 3. g3 cxd4 4. Nxd4 e5 5. Nb3 d5 6. Bg2 Be6 7. O-O Nc6 8.
Nc3 Be7 9. e4 d4 10. Ne2 O-O 11. f4 Qb6 12. Kh1 Ng4 13. fxe5 Rfd8 14. Nf4 Bxb3
15. Qxg4 Bxc2 16. Nh5 Bf8 17. Bf4 1/2-1/2

[Event "X Open"]
[Site "Crema ITA"]
[Date "2008.09.06"]
[Round "3"]
[White "Masotti, Roberto"]
[Black "Gonella, Daniele"]
[Result "1-0"]
[WhiteElo "1954"]
[BlackElo "1739"]
[PlyCount "117"]
[EventDate "2008.09.05"]

1. Nf3 Nf6 2. c4 d6 3. d4 Nbd7 4. Nc3 g6 5. g3 Bg7 6. Bg2 O-O 7. O-O e5 8. e4
Re8 9. h3 h6 10. Be3 b6 11. Qc2 Bb7 12. d5 a6 13. b4 a5 14. a3 Qe7 15. Rfd1
axb4 16. axb4 Rxa1 17. Rxa1 Ra8 18. Rxa8+ Bxa8 19. Qa4 Qd8 20. Nd2 Bb7 21. Nb5
Ne8 22. Nb3 Qa8 23. Qxa8 Bxa8 24. c5 bxc5 25. bxc5 dxc5 26. Nxc5 Nxc5 27. Bxc5
Bf8 28. Bxf8 Kxf8 29. Kf1 Ke7 30. Ke2 c6 31. Nc3 cxd5 32. exd5 f5 33. d6+ Nxd6
34. Bxa8 g5 35. Bd5 Kf6 36. g4 fxg4 37. hxg4 Nc8 38. Ne4+ Ke7 39. Kd3 Nb6 40.
Bc6 Ke6 41. Kc3 Nc8 42. Kc4 Ne7 43. Kc5 Ng6 44. Bd5+ Ke7 45. Nd6 Nh4 46. Nf7
Ng6 47. Nxh6 Nf4 48. f3 Kf6 49. Nf5 Nd3+ 50. Kd6 Nf4 51. Ne7 Nd3 52. Nc6 Nf4
53. Nxe5 Ne2 54. Nd7+ Kg6 55. Ke5 Ng3 56. Bc4 Kg7 57. Nf6 Kg6 58. Ne4 Nh1 59.
Bf1 1-0

[Event "X Open"]
[Site "Crema ITA"]
[Date "2008.09.06"]
[Round "3"]
[White "Mattia, Ermanno"]
[Black "Acunzo, Domenico"]
[Result "1-0"]
[WhiteElo "1646"]
[BlackElo "1787"]
[PlyCount "131"]
[EventDate "2008.09.05"]

1. e4 e6 2. d4 d5 3. exd5 exd5 4. Bd3 c5 5. dxc5 Bxc5 6. Nf3 Nf6 7. h3 O-O 8.
O-O Nc6 9. c3 Qd6 10. Re1 Bxh3 11. gxh3 Qg3+ 12. Kh1 Qxh3+ 13. Nh2 Bxf2 14. Rf1
Bg3 15. Qe2 Bxh2 16. Bf5 Rae8 17. Qf2 Ne4 18. Bxh3 Nxf2+ 19. Rxf2 Re1+ 20. Rf1
Rxf1+ 21. Bxf1 Bd6 22. Be3 Re8 23. Bf2 Re5 24. Nd2 Rh5+ 25. Kg1 Rg5+ 26. Bg2 h5
27. Nf3 Rg4 28. Kh1 g5 29. Rd1 Ne7 30. Rd4 Rxd4 31. Bxd4 g4 32. Nd2 f5 33. Bxa7
f4 34. Bd4 f3 35. Nxf3 gxf3 36. Bxf3 Nf5 37. Bxd5+ Kh7 38. Bf2 b5 39. c4 bxc4
40. Bxc4 Ng3+ 41. Kg2 h4 42. a3 Kg6 43. b4 Kf5 44. Bc5 Bb8 45. Be7 Ne4 46. Bxh4
Kf4 47. Be7 Ke3 48. Bd5 Nc3 49. Bc6 Kd4 50. a4 Nd5 51. Bc5+ Kc4 52. Bxd5+ Kxd5
53. Kf3 Bc7 54. Kg4 Bd8 55. Kf5 Bc7 56. Be7 Bb6 57. Kf6 Kc6 58. Ke6 Bc7 59. b5+
Kb6 60. Kd7 Bg3 61. Bd8+ Kc5 62. b6 Kb4 63. a5 Kxa5 64. b7+ Ka6 65. Kc8 Ka7 66.
Bc7 1-0

[Event "X Open"]
[Site "Crema ITA"]
[Date "2008.09.06"]
[Round "3"]
[White "Milanesi, Erminio"]
[Black "Caramaschi, Vincenzo"]
[Result "1-0"]
[WhiteElo "1879"]
[BlackElo "1656"]
[PlyCount "73"]
[EventDate "2008.09.05"]

1. e4 e5 2. Nf3 Nc6 3. Bc4 d6 4. d3 Na5 5. c3 Nxc4 6. Qa4+ Bd7 7. Qxc4 Be7 8.
d4 exd4 9. cxd4 Nf6 10. Qd3 h6 11. O-O O-O 12. Nc3 c6 13. h3 Nh7 14. Bf4 Ng5
15. Nxg5 hxg5 16. Bh2 f5 17. Qc4+ Kh8 18. exf5 Bxf5 19. Qe2 Rf6 20. f4 Re6 21.
Qf3 gxf4 22. Qxf4 Rf6 23. Qg5 Qd7 24. Rf3 Raf8 25. Raf1 Rg6 26. Qe3 Rgf6 27. d5
Rg6 28. g4 Kh7 29. Kh1 Bg5 30. Qf2 Bxg4 31. hxg4 Rxf3 32. Qxf3 Rf6 33. Qd3+ Kh8
34. Rxf6 gxf6 35. Qf5 Qe7 36. Qe6 Qh7 37. Qe8+ 1-0

[Event "X Open"]
[Site "Crema ITA"]
[Date "2008.09.06"]
[Round "3"]
[White "Mussap, Angelo"]
[Black "Balzano, Aldo"]
[Result "1-0"]
[WhiteElo "2056"]
[BlackElo "1777"]
[PlyCount "71"]
[EventDate "2008.09.05"]

1. e4 c5 2. Nc3 Nc6 3. f4 d6 4. Nf3 g6 5. d4 cxd4 6. Nxd4 Bg7 7. Be3 Nf6 8. Be2
O-O 9. h3 Bd7 10. Qd2 Qa5 11. Nb3 Qd8 12. O-O-O Rc8 13. a3 a6 14. g4 Be6 15. g5
Nd7 16. Nd4 Nxd4 17. Bxd4 Bxd4 18. Qxd4 b5 19. f5 gxf5 20. exf5 Bxf5 21. Bd3
Bg6 22. Bxg6 fxg6 23. h4 Ne5 24. h5 Qe8 25. hxg6 Qxg6 26. Kb1 Rc4 27. Qd5+ Qf7
28. Qb7 Rc5 29. Nd5 Ng6 30. Rhe1 Re8 31. b4 Rcc8 32. Rf1 Qg7 33. Qd7 Qe5 34.
Nf6+ exf6 35. gxf6 Ne7 36. f7+ 1-0

[Event "X Open"]
[Site "Crema ITA"]
[Date "2008.09.06"]
[Round "3"]
[White "Ninov, Nikolai Ivanov"]
[Black "Annoni, Riccardo"]
[Result "1-0"]
[WhiteElo "2515"]
[BlackElo "2068"]
[PlyCount "59"]
[EventDate "2008.09.05"]

1. e4 c5 2. Nf3 e6 3. d4 cxd4 4. Nxd4 Nf6 5. Nc3 Nc6 6. Ndb5 Bb4 7. a3 Bxc3+ 8.
Nxc3 d5 9. exd5 exd5 10. Bd3 O-O 11. O-O d4 12. Ne4 Bf5 13. Bg5 Bxe4 14. Bxe4
h6 15. Bxf6 Qxf6 16. Re1 Rfe8 17. Qf3 Qxf3 18. Bxf3 Rxe1+ 19. Rxe1 Rc8 20. Kf1
Na5 21. b4 Nc4 22. Bxb7 Rc7 23. Re8+ Kh7 24. Rc8 Rxc8 25. Bxc8 Nxa3 26. Ke2 Kg6
27. Kd3 Kf6 28. Kxd4 Nxc2+ 29. Kc3 Na3 30. Ba6 1-0

[Event "X Open"]
[Site "Crema ITA"]
[Date "2008.09.06"]
[Round "3"]
[White "Oteri, Aldo"]
[Black "Bonazzi, Edoardo"]
[Result "0-1"]
[WhiteElo "1844"]
[BlackElo "2163"]
[PlyCount "85"]
[EventDate "2008.09.05"]

1. e4 c5 2. Nf3 e6 3. d4 cxd4 4. Nxd4 Nc6 5. Nc3 a6 6. g3 Nge7 7. Bg2 Nxd4 8.
Qxd4 Nc6 9. Qa4 Be7 10. Be3 O-O 11. O-O Rb8 12. Ne2 b5 13. Qb3 Na5 14. Qc3 Bb7
15. b3 Rc8 16. Qb2 Qc7 17. c3 f5 18. exf5 Bxg2 19. Kxg2 Qb7+ 20. f3 Rxf5 21. g4
Rf7 22. Rad1 Rcf8 23. Ng1 Nc6 24. Qe2 Ne5 25. Bd4 Nxg4 26. Qe4 Qxe4 27. fxe4
Rxf1 28. Rxf1 Rxf1 29. Kxf1 Nxh2+ 30. Kg2 Ng4 31. Nf3 d6 32. Kg3 Nf6 33. e5
Ne4+ 34. Kf4 d5 35. c4 bxc4 36. bxc4 g5+ 37. Ke3 Kf7 38. cxd5 exd5 39. Ne1 Ke6
40. Nd3 h5 41. Kf3 g4+ 42. Kg2 Kf5 43. Nb4 0-1

[Event "X Open"]
[Site "Crema ITA"]
[Date "2008.09.06"]
[Round "3"]
[White "Panizzi, Giuseppe"]
[Black "Orlandi, Stefano"]
[Result "0-1"]
[WhiteElo "2101"]
[BlackElo "1962"]
[PlyCount "109"]
[EventDate "2008.09.05"]

1. Nf3 f5 2. d4 Nf6 3. c4 e6 4. g3 Bb4+ 5. Bd2 Qe7 6. Bg2 O-O 7. O-O Bxd2 8.
Nfxd2 d6 9. Qb3 c6 10. e4 fxe4 11. Nxe4 Nxe4 12. Bxe4 Qf6 13. Qd3 g6 14. Nc3 e5
15. dxe5 dxe5 16. f4 Bh3 17. Rf2 Nd7 18. Qe3 exf4 19. gxf4 Bf5 20. Rd1 Rae8 21.
Qf3 Nc5 22. Bxf5 Qxf5 23. Kg2 Ne4 24. Nxe4 Rxe4 25. b3 Rxf4 26. Qxf4 Qxf4 27.
Rxf4 Rxf4 28. Rd2 c5 29. Kg3 Rf5 30. h4 b6 31. Rd7 Rf7 32. Rd3 Kf8 33. Kg4 Ke7
34. h5 gxh5+ 35. Kxh5 Ke6 36. Re3+ Kd6 37. Kh6 Kc6 38. a4 Kb7 39. a5 Ka6 40.
axb6 axb6 41. Kg5 Ka5 42. Kg4 Kb4 43. Rh3 Ra7 44. Rh6 Kxb3 45. Rxb6+ Kxc4 46.
Kf4 Kd5 47. Rb1 Re7 48. Rd1+ Kc6 49. Rc1 Kb5 50. Rb1+ Ka4 51. Rc1 Rc7 52. Ke4
Kb3 53. Kd5 c4 54. Rb1+ Kc2 55. Rf1 0-1

[Event "X Open"]
[Site "Crema ITA"]
[Date "2008.09.06"]
[Round "3"]
[White "Panjkovic, Aleksandar"]
[Black "Potenza, Gaetano"]
[Result "1-0"]
[WhiteElo "2148"]
[BlackElo "1668"]
[PlyCount "65"]
[EventDate "2008.09.05"]

1. Nf3 Nf6 2. g3 d5 3. Bg2 c5 4. O-O Nc6 5. d3 Bf5 6. Nbd2 e6 7. Re1 Be7 8. c3
Rc8 9. Qa4 Qc7 10. e4 Bg6 11. Nh4 O-O 12. f4 h6 13. Nxg6 fxg6 14. Bh3 Nd8 15.
exd5 Nxd5 16. Qe4 Rf6 17. Nf3 Qd6 18. Ne5 Kh7 19. g4 Nf7 20. g5 hxg5 21. Nxf7
Rxf7 22. Bxe6 Nxf4 23. Bxf7 Nh3+ 24. Kg2 g4 25. Qxg4 Qxd3 26. Qxh3+ Qxh3+ 27.
Kxh3 Bf6 28. Rg1 Rf8 29. Bxg6+ Kh8 30. Bg5 Bxg5 31. Rxg5 Rf2 32. Re1 Rf8 33.
Re8 1-0

[Event "X Open"]
[Site "Crema ITA"]
[Date "2008.09.06"]
[Round "3"]
[White "Pisani, Valerio"]
[Black "Saba, Marco"]
[Result "0-1"]
[WhiteElo "1707"]
[BlackElo "1921"]
[PlyCount "106"]
[EventDate "2008.09.05"]

1. e4 d5 2. e5 Bf5 3. d4 e6 4. Bd3 Bg6 5. Ne2 Ne7 6. Bg5 Qd7 7. h4 h6 8. Bf4
Nbc6 9. c3 Bxd3 10. Qxd3 f5 11. h5 O-O-O 12. Nd2 g5 13. hxg6 Nxg6 14. b4 Be7
15. a4 Bg5 16. Qe3 Qe7 17. g3 Rdg8 18. a5 Bxf4 19. Nxf4 Nxf4 20. Qxf4 Rg4 21.
Qe3 h5 22. O-O-O Qg7 23. Rh3 Qf7 24. f3 f4 25. gxf4 Rg2 26. Rdh1 Qg6 27. R3h2
Ne7 28. Rxg2 Qxg2 29. Qe1 Nf5 30. Qg1 Ne3 31. Qh2 h4 32. Qh3 Qg6 33. f5 Nxf5
34. f4 Ng3 35. Rh2 Kd7 36. Rg2 Qd3 37. Kb2 Qf5 38. Qxf5 exf5 39. Rh2 b6 40. a6
c5 41. b5 cxd4 42. cxd4 h3 43. Nf3 Nf1 44. Rh1 h2 45. Rxf1 h1=Q 46. Rxh1 Rxh1
47. Kc2 Rf1 48. Ng5 Rxf4 49. Kd3 Rg4 50. Nf3 f4 51. Ke2 Rg2+ 52. Kd3 Rb2 53.
Ng5 Rxb5 0-1

[Event "X Open"]
[Site "Crema ITA"]
[Date "2008.09.06"]
[Round "3"]
[White "Quagliarella, Sabino Remo"]
[Black "Ficco, Corrado"]
[Result "0-1"]
[WhiteElo "1925"]
[BlackElo "2141"]
[PlyCount "114"]
[EventDate "2008.09.05"]

1. d4 d5 2. Nf3 c5 3. c3 b6 4. Bf4 Nf6 5. e3 Bb7 6. Bb5+ Bc6 7. a4 e6 8. Ne5
Bxb5 9. axb5 Bd6 10. Nd2 Bxe5 11. Bxe5 O-O 12. O-O Re8 13. Qf3 Nbd7 14. Bg3 e5
15. Ra2 e4 16. Qf5 Qc8 17. Rfa1 Qb7 18. Bf4 g6 19. Qh3 Nh5 20. Bd6 Re6 21. g4
Rxd6 22. gxh5 gxh5 23. Qxh5 Rg6+ 24. Kf1 Nf6 25. Qf5 Qc7 26. Ke2 cxd4 27. exd4
Kg7 28. h4 h5 29. Ra4 Rg2 30. c4 e3 31. Kxe3 Ng4+ 32. Kd3 Nxf2+ 33. Kc2 Ne4 34.
Rd1 Rd8 35. Qf3 Qh2 36. Rxa7 Rxd2+ 37. Rxd2 Qxd2+ 38. Kb1 Rf8 39. Qxh5 Qd3+ 40.
Ka1 Qf1+ 41. Ka2 Qxc4+ 42. Ka1 Qxd4 43. Qg4+ Kh8 44. Qh5+ Kg8 45. Qg4+ Qg7 46.
Qf5 Nf6 47. Qf2 Rb8 48. Ra3 Ne4 49. Qh2 Rc8 50. Ka2 Kh7 51. Qf4 Qh6 52. Qg4 Rc2
53. Qf5+ Kg7 54. Qg4+ Kh7 55. Rb3 Nc3+ 56. Ka3 Qd6+ 57. Rb4 Ne4 0-1

[Event "X Open"]
[Site "Crema ITA"]
[Date "2008.09.06"]
[Round "3"]
[White "Ranzato, Paolo"]
[Black "Scarabelli, Maurizio"]
[Result "1/2-1/2"]
[WhiteElo "1801"]
[BlackElo "1927"]
[PlyCount "36"]
[EventDate "2008.09.05"]

1. f4 d5 2. Nf3 c5 3. e3 Nc6 4. Bb5 Bd7 5. Bxc6 Bxc6 6. Ne5 Nf6 7. d3 e6 8. Nd2
Qc7 9. Ndf3 h6 10. b3 Bd6 11. Bb2 a5 12. a4 b6 13. Qe2 Bb7 14. O-O Qe7 15. Qf2
Bxe5 16. Nxe5 Nd7 17. Qg3 Nxe5 18. Bxe5 f6 1/2-1/2

[Event "X Open"]
[Site "Crema ITA"]
[Date "2008.09.06"]
[Round "3"]
[White "Stradiotti, Maurizio"]
[Black "Blengino, Luca"]
[Result "0-1"]
[WhiteElo "1697"]
[BlackElo "1890"]
[PlyCount "76"]
[EventDate "2008.09.05"]

1. d4 Nf6 2. Nf3 g6 3. Nbd2 d5 4. e3 Bg7 5. Bd3 O-O 6. c3 Re8 7. Qc2 Nc6 8. O-O
e5 9. dxe5 Nxe5 10. Nxe5 Rxe5 11. Nf3 Re8 12. Bd2 c5 13. c4 dxc4 14. Bxc4 Bf5
15. Qb3 Be6 16. Rad1 Bxc4 17. Qxc4 Qc7 18. Rc1 Rac8 19. b4 b6 20. Rc2 Re4 21.
Qb5 Qd7 22. Qa6 Nd5 23. Rfc1 Nxb4 24. Bxb4 Rxb4 25. Rd2 Qc6 26. Rcd1 Ra4 27.
Qd3 Re4 28. h3 Ree8 29. Qc2 Qe4 30. Qb3 c4 31. Qa4 c3 32. Qxe4 Rxe4 33. Rc2 b5
34. Rd7 a5 35. Ng5 Rec4 36. Nxf7 R4c7 37. Nd6 Rxd7 38. Nxc8 Rd2 0-1

[Event "X Open"]
[Site "Crema ITA"]
[Date "2008.09.06"]
[Round "3"]
[White "Vishanji, Adrian"]
[Black "Brugo, Marco"]
[Result "0-1"]
[WhiteElo "1974"]
[BlackElo "2107"]
[PlyCount "90"]
[EventDate "2008.09.05"]

1. e4 e6 2. d4 d5 3. Nc3 Bb4 4. e5 c5 5. a3 Bxc3+ 6. bxc3 Qc7 7. Qg4 f5 8. Bb5+
Nc6 9. Bxc6+ bxc6 10. Qg3 Rb8 11. Ne2 Ba6 12. Nf4 Qf7 13. Nxe6 Qxe6 14. Qxg7
Qg6 15. Qxa7 Qxg2 16. Qxb8+ Kf7 17. Qa7+ Ne7 18. Bg5 Re8 19. O-O-O Qxg5+ 20.
Kb2 Be2 21. Rhg1 Qf4 22. e6+ Kf6 23. Rc1 Qxf2 24. Qc7 cxd4 25. cxd4 Qxd4+ 26.
c3 Qf2 27. Qg3 Qxg3 28. Rxg3 Bc4 29. Rh3 Kxe6 30. Re1+ Kd6 31. Rxh7 Rb8+ 32.
Kc2 Ng8 33. Rh8 f4 34. Rb1 Rxb1 35. Kxb1 f3 36. Rxg8 f2 37. Rf8 f1=Q+ 38. Rxf1
Bxf1 39. Kc2 Kc5 40. h4 Kc4 41. h5 Bd3+ 42. Kb2 c5 43. a4 d4 44. h6 dxc3+ 45.
Kc1 Kb4 0-1

[Event "X Open"]
[Site "Crema ITA"]
[Date "2008.09.06"]
[Round "3"]
[White "Vishanji, Franz"]
[Black "Vuckovic, Dimitrije"]
[Result "1-0"]
[WhiteElo "1422"]
[BlackElo "1500"]
[PlyCount "33"]
[EventDate "2008.09.05"]

1. e4 c5 2. Nc3 a6 3. a4 Nc6 4. Nf3 g6 5. Bc4 Bg7 6. O-O d6 7. d3 Bg4 8. h3 Bd7
9. Ng5 e6 10. Qf3 Ne5 11. Qf4 Bh6 12. Qg3 Nxc4 13. dxc4 e5 14. Nf3 Bg7 15. Nd5
Ne7 16. Bg5 Bf8 17. Nf6# 1-0

[Event "X Open"]
[Site "Crema ITA"]
[Date "2008.09.06"]
[Round "4"]
[White "Acunzo, Domenico"]
[Black "Calabrese, Maurizio"]
[Result "1-0"]
[WhiteElo "1787"]
[BlackElo "1588"]
[PlyCount "119"]
[EventDate "2008.09.05"]

1. e4 e5 2. f4 Nf6 3. fxe5 Nxe4 4. Nf3 c6 5. d4 d5 6. Bd3 Bg4 7. O-O Be7 8. c3
Nd7 9. Qc2 f5 10. exf6 Ndxf6 11. Nbd2 O-O 12. Ne5 Nxd2 13. Bxd2 Bh5 14. h3 Be8
15. Rae1 c5 16. Bg5 Qb6 17. Nf3 Bd8 18. dxc5 Qxc5+ 19. Nd4 Bd7 20. Kh1 Ne4 21.
Rxf8+ Qxf8 22. Bxe4 Bxg5 23. Bxd5+ Kh8 24. Bxb7 Re8 25. Rxe8 Qxe8 26. Nf3 Bd8
27. Qe4 Qf8 28. Qd4 Qf5 29. Be4 Qe6 30. Qd5 Qe7 31. Qe5 Qf8 32. Qh5 Qg8 33. Ne5
Be8 34. Qf3 Bf6 35. Bd5 Qf8 36. Ng4 Bh5 37. Qf5 Qe8 38. Qe6 Qf8 39. Nxf6 gxf6
40. b4 Bd1 41. Qf7 Qxf7 42. Bxf7 Kg7 43. Bb3 Be2 44. a4 Ba6 45. c4 Kf8 46. b5
Bb7 47. c5 Ke7 48. Kg1 Be4 49. Kf2 h6 50. g3 Kd7 51. Ke3 Bg6 52. g4 Kc7 53. h4
Bh7 54. Kd4 Kb7 55. Be6 Bb1 56. a5 Bg6 57. c6+ Kb8 58. Kc5 Kc7 59. b6+ axb6+
60. axb6+ 1-0

[Event "X Open"]
[Site "Crema ITA"]
[Date "2008.09.06"]
[Round "4"]
[White "Annoni, Riccardo"]
[Black "Bongiorni, Gabriele"]
[Result "1-0"]
[WhiteElo "2068"]
[BlackElo "1813"]
[PlyCount "54"]
[EventDate "2008.09.05"]

1. d4 Nf6 2. Nf3 d5 3. c4 c6 4. cxd5 cxd5 5. Nc3 Nc6 6. Bf4 a6 7. e3 e6 8. Rc1
Bb4 9. Bd3 O-O 10. O-O Nh5 11. Bg5 Be7 12. Bxe7 Qxe7 13. Ne5 Nxe5 14. Bxh7+
Kxh7 15. Qxh5+ Kg8 16. Qxe5 b5 17. Nxd5 Qd8 18. Nc7 Ra7 19. Qc5 Rb7 20. Nxa6
Rd7 21. Nb4 Rd6 22. Qc7 Ba6 23. Qxd8 Rfxd8 24. Rc5 f6 25. a3 e5 26. dxe5 fxe5
27. Nxa6 Rxa6 1-0

[Event "X Open"]
[Site "Crema ITA"]
[Date "2008.09.06"]
[Round "4"]
[White "Balzano, Aldo"]
[Black "Cautiero, Pietro"]
[Result "1/2-1/2"]
[WhiteElo "1777"]
[BlackElo "1900"]
[PlyCount "47"]
[EventDate "2008.09.05"]

1. d4 a6 2. c4 e6 3. Nf3 d5 4. Nc3 Nf6 5. cxd5 exd5 6. Bg5 Be7 7. e3 O-O 8. Qc2
Be6 9. Bd3 h6 10. Bh4 Nbd7 11. O-O Rc8 12. h3 c5 13. Qe2 c4 14. Bc2 b5 15. a3
Re8 16. Rfe1 Qb6 17. Qd2 Qb7 18. Bg3 b4 19. axb4 Bxb4 20. Ne5 Nxe5 21. Bxe5 Nd7
22. Bg3 Nf6 23. Be5 Nd7 24. Bg3 1/2-1/2

[Event "X Open"]
[Site "Crema ITA"]
[Date "2008.09.06"]
[Round "4"]
[White "Barucco, Mattia"]
[Black "Ranzato, Paolo"]
[Result "1/2-1/2"]
[WhiteElo "2029"]
[BlackElo "1801"]
[PlyCount "24"]
[EventDate "2008.09.05"]

1. e4 e6 2. d4 d5 3. exd5 exd5 4. Bd3 Nf6 5. Bg5 Be7 6. Ne2 Ne4 7. Bf4 Bd6 8.
Bg3 Bf5 9. f3 Nxg3 10. Nxg3 Bxd3 11. Qxd3 O-O 12. Nc3 Qg5 1/2-1/2

[Event "X Open"]
[Site "Crema ITA"]
[Date "2008.09.06"]
[Round "4"]
[White "Bertoletti, Vincenzo"]
[Black "Vishanji, Franz"]
[Result "1-0"]
[WhiteElo "1466"]
[BlackElo "1422"]
[PlyCount "65"]
[EventDate "2008.09.05"]

1. d4 d5 2. c4 e6 3. Nf3 Nf6 4. Bg5 h6 5. Bh4 g5 6. Bg3 dxc4 7. Qa4+ Nc6 8. Nc3
Bb4 9. e3 Bxc3+ 10. bxc3 a6 11. Qxc4 Bd7 12. Bd3 Nh5 13. O-O Nxg3 14. hxg3 Qf6
15. Rfb1 Ra7 16. e4 Qg7 17. d5 exd5 18. exd5 Ne5 19. Nxe5 Bb5 20. Qxc7 Bxd3 21.
Nxd3 O-O 22. Qe5 f6 23. Qd4 b5 24. c4 bxc4 25. Qxc4 f5 26. Re1 Rd7 27. Re5 Rff7
28. Rae1 Qg6 29. Qc8+ Kg7 30. Re8 g4 31. Rg8+ Kf6 32. Rxg6+ Kxg6 33. Ne5+ 1-0

[Event "X Open"]
[Site "Crema ITA"]
[Date "2008.09.06"]
[Round "4"]
[White "Blengino, Luca"]
[Black "Bastianello, Tito"]
[Result "1-0"]
[WhiteElo "1890"]
[BlackElo "1494"]
[PlyCount "128"]
[EventDate "2008.09.05"]

1. d4 Nf6 2. c4 g6 3. Nc3 Bg7 4. e4 d6 5. f3 O-O 6. Be3 e5 7. d5 c6 8. Bd3 cxd5
9. cxd5 Nbd7 10. Rc1 Nc5 11. Nge2 Nfd7 12. Nb5 Qe7 13. b4 Nxd3+ 14. Qxd3 Nb6
15. Nc7 Rb8 16. O-O f5 17. Nb5 Ra8 18. a3 fxe4 19. fxe4 Rxf1+ 20. Rxf1 a6 21.
Bxb6 axb5 22. Rc1 Qh4 23. Ng3 Bf6 24. Qxb5 Qh6 25. Qe8+ Qf8 26. Qxf8+ Kxf8 27.
a4 Ke8 28. a5 Bd8 29. Bxd8 Kxd8 30. Rf1 Ke7 31. Rc1 Kd7 32. Nf1 Rb8 33. b5 Ra8
34. Ra1 Ke7 35. Ne3 Bd7 36. b6 Rc8 37. Kf2 Bb5 38. Ra3 Rc1 39. Rb3 Ba6 40. Rb2
Rc5 41. Rc2 Rxa5 42. Rc7+ Kf8 43. Rd7 Ra4 44. Rxd6 Rxe4 45. Rd7 Rf4+ 46. Kg3
Rf7 47. Rxf7+ Kxf7 48. Ng4 e4 49. Kf4 Bd3 50. Nf2 g5+ 51. Kxg5 Bc4 52. Kf4 e3
53. Kxe3 Bxd5 54. g3 Ke7 55. Ng4 Ba2 56. Kd4 Kd6 57. Nf6 Bb1 58. g4 Kc6 59. Nd5
Bg6 60. h4 h5 61. Ne7+ Kxb6 62. Nxg6 hxg4 63. h5 Ka5 64. h6 b5 1-0

[Event "X Open"]
[Site "Crema ITA"]
[Date "2008.09.06"]
[Round "4"]
[White "Bonade', Giacomo"]
[Black "Balzano, Filli"]
[Result "1-0"]
[WhiteElo "1847"]
[BlackElo "1605"]
[PlyCount "31"]
[EventDate "2008.09.05"]

1. e4 c6 2. Nf3 d5 3. exd5 cxd5 4. d4 Nf6 5. Bd3 Nc6 6. c3 Bg4 7. Bf4 e6 8.
Nbd2 Be7 9. Qc2 h6 10. h3 Bxf3 11. Nxf3 O-O 12. g4 Re8 13. Ne5 Bf8 14. g5 Nh5
15. Bh7+ Kh8 16. Nxf7# 1-0

[Event "X Open"]
[Site "Crema ITA"]
[Date "2008.09.06"]
[Round "4"]
[White "Bonassi, Tommaso"]
[Black "Vishanji, Adrian"]
[Result "1/2-1/2"]
[WhiteElo "1695"]
[BlackElo "1974"]
[PlyCount "91"]
[EventDate "2008.09.05"]

1. e4 e5 2. Nf3 Nc6 3. Bc4 Nf6 4. d3 Bc5 5. c3 d6 6. Nbd2 Be6 7. Bb3 Qe7 8. Nf1
Ng4 9. Be3 Bxe3 10. Nxe3 Nxe3 11. fxe3 O-O 12. O-O a5 13. Bc2 Bg4 14. Qe1 f5
15. exf5 Bxf5 16. Nh4 Qg5 17. Nxf5 Rxf5 18. Rxf5 Qxf5 19. Qe2 Rf8 20. Rf1 Qxf1+
21. Qxf1 Rxf1+ 22. Kxf1 g5 23. Bb3+ Kg7 24. Bd5 Nd8 25. c4 c6 26. Be4 h5 27. h3
Ne6 28. Bf3 h4 29. Ke1 Nc5 30. Kd2 Na4 31. b3 Nb6 32. Bg4 Kf6 33. Kc3 Ke7 34.
d4 Nd7 35. Bxd7 Kxd7 36. dxe5 dxe5 37. Kd3 b6 38. a4 Kd6 39. Kd2 e4 40. Kc2 Ke5
41. Kc3 c5 42. Kd2 Kf5 43. Ke2 g4 44. Kf2 Kg5 45. Kf1 Kf5 46. Kf2 1/2-1/2

[Event "X Open"]
[Site "Crema ITA"]
[Date "2008.09.06"]
[Round "4"]
[White "Bonazzi, Edoardo"]
[Black "Della Ragione, Achille"]
[Result "1-0"]
[WhiteElo "2163"]
[BlackElo "2033"]
[PlyCount "133"]
[EventDate "2008.09.05"]

1. Nf3 d5 2. c4 d4 3. e3 c5 4. b4 dxe3 5. fxe3 b6 6. Be2 Bb7 7. O-O e6 8. bxc5
bxc5 9. d4 cxd4 10. exd4 Be7 11. Nbd2 Nf6 12. Bb2 O-O 13. Qc2 Nbd7 14. Bd3 Qc7
15. Rae1 Rfe8 16. Ng5 h6 17. Bh7+ Kf8 18. Nxf7 Kxf7 19. Bg6+ Kg8 20. Bxe8 Rxe8
21. Rxe6 Bd6 22. Rxe8+ Nxe8 23. Qg6 Ndf6 24. Re1 Qf7 25. Qxf7+ Kxf7 26. d5 Ba6
27. Re6 Bc8 28. Re1 Ba6 29. Ne4 Bxc4 30. Nxd6+ Nxd6 31. Bxf6 gxf6 32. Re6 Ne8
33. a3 a5 34. Rc6 Bb3 35. Ra6 a4 36. Ra7+ Kg6 37. Rd7 f5 38. d6 Kf6 39. Rd8 Ng7
40. Rh8 Ne6 41. Rxh6+ Kf7 42. Rh7+ Ke8 43. h4 Nd4 44. h5 Nb5 45. d7+ Kd8 46. h6
f4 47. Rg7 Bc2 48. h7 Bxh7 49. Rxh7 Nxa3 50. Rh8+ Kxd7 51. Ra8 Nb5 52. Rxa4 f3
53. gxf3 Nd6 54. Kf2 Nf5 55. Ra6 Ke7 56. f4 Kf7 57. Kf3 Kg7 58. Kg4 Nd4 59. Rd6
Nb5 60. Rd3 Kf6 61. f5 Nc7 62. Rd6+ Ke7 63. Rh6 Ne8 64. Kg5 Kf7 65. Rh7+ Kg8
66. Rd7 Kf8 67. f6 1-0

[Event "X Open"]
[Site "Crema ITA"]
[Date "2008.09.06"]
[Round "4"]
[White "Brugo, Marco"]
[Black "Ninov, Nikolai Ivanov"]
[Result "1/2-1/2"]
[WhiteElo "2107"]
[BlackElo "2515"]
[PlyCount "23"]
[EventDate "2008.09.05"]

1. d4 Nf6 2. c4 e6 3. Nc3 Bb4 4. e3 c5 5. Bd3 Nc6 6. Nf3 b6 7. O-O Bxc3 8. bxc3
d6 9. e4 Qc7 10. d5 Na5 11. e5 dxe5 12. Re1 1/2-1/2

[Event "X Open"]
[Site "Crema ITA"]
[Date "2008.09.06"]
[Round "4"]
[White "Carbone, Lorenzo"]
[Black "Panizzi, Giuseppe"]
[Result "1-0"]
[WhiteElo "1767"]
[BlackElo "2101"]
[PlyCount "73"]
[EventDate "2008.09.05"]

1. e4 c5 2. Nf3 d6 3. d4 cxd4 4. Nxd4 Nf6 5. Nc3 g6 6. Be2 Bg7 7. O-O Bd7 8.
Be3 Nc6 9. f4 a6 10. Bf3 Rc8 11. a4 Qa5 12. Ra3 O-O 13. Rb3 Nd8 14. Nf5 Rxc3
15. Nxe7+ Kh8 16. Bb6 Qxa4 17. Rxc3 Nxe4 18. Ra3 Qc4 19. Re3 Nf6 20. Nd5 Nxd5
21. Bxd5 Qc8 22. Bd4 f6 23. Rfe1 Nc6 24. Bc3 Qc7 25. Kh1 Bh6 26. Qf3 Bg7 27.
Be6 Be8 28. Qh3 b5 29. Bd5 Bd7 30. Be6 Be8 31. b4 Nb8 32. Bg8 Rxg8 33. Rxe8 Nd7
34. R8e7 f5 35. Rxg7 Rxg7 36. Re8+ Nf8 37. Rxf8# 1-0

[Event "X Open"]
[Site "Crema ITA"]
[Date "2008.09.06"]
[Round "4"]
[White "Castrogiovanni, Carlo"]
[Black "Panjkovic, Aleksandar"]
[Result "1/2-1/2"]
[WhiteElo "2055"]
[BlackElo "2148"]
[PlyCount "67"]
[EventDate "2008.09.05"]

1. d4 f5 2. g3 Nf6 3. Bg2 e6 4. c4 d5 5. Nc3 c6 6. cxd5 exd5 7. Nh3 Bd6 8. Bf4
Be7 9. f3 O-O 10. O-O Qb6 11. Qd2 Kh8 12. a3 Na6 13. b4 Bd7 14. Kh1 Qd8 15. Nf2
Nc7 16. e4 fxe4 17. fxe4 dxe4 18. Nfxe4 a5 19. Nxf6 Bxf6 20. Ne4 Nd5 21. Bd6
Re8 22. bxa5 Rxe4 23. Bxe4 Bh3 24. Bb4 Nxb4 25. Rxf6 Nc2 26. Bxc2 Qxf6 27. Qe3
Rf8 28. Rg1 Qf3+ 29. Qxf3 Rxf3 30. a4 Rf2 31. Be4 Rd2 32. a6 bxa6 33. Bxc6 Rxd4
34. Ra1 1/2-1/2

[Event "X Open"]
[Site "Crema ITA"]
[Date "2008.09.06"]
[Round "4"]
[White "Cecchini, Massimo S."]
[Black "Martino, Antonio M."]
[Result "1/2-1/2"]
[WhiteElo "1762"]
[BlackElo "2007"]
[PlyCount "54"]
[EventDate "2008.09.05"]

1. d4 Nf6 2. c4 g6 3. Nc3 d5 4. Nf3 Bg7 5. Qb3 dxc4 6. Qxc4 O-O 7. e4 Bg4 8.
Be2 Nfd7 9. Be3 Nb6 10. Qd3 Nc6 11. Rd1 Qd7 12. O-O Rad8 13. d5 Bxf3 14. dxc6
Qxd3 15. Rxd3 Bxe2 16. Rxd8 Rxd8 17. Nxe2 bxc6 18. b3 Rd6 19. f3 a6 20. Kf2 Nd7
21. f4 e5 22. g3 h5 23. Rc1 Nf6 24. Kf3 Ng4 25. h3 Nxe3 26. Kxe3 exf4+ 27. gxf4
Bh6 1/2-1/2